000 00680nam a22002297a 4500
003 OSt
005 20260223123522.0
008 260223b |||||||| |||| 00| 0 eng d
020 _a81-8342-026-5
037 _cTextbook
040 _aFEDL
_beng
_cFEDL
041 _aeng
_heng
082 _a591.07 MAL/R
100 _aMalhotra, Vinayak
_91116533
245 _aMethods of teaching zoolohy/
_cby Vinayak Malhotra
260 _aNew Delhi
_bCrescent Publishing Corporation
_c2024
300 _avi, 283p.
365 _aINR
_b995.00
650 _aZOOLOGY- TEACHING
_91116534
942 _2ddc
_cTB
_h591.07 MAL/R
_n0
999 _c1680123
_d1680123